Business economics - III TYBCom (Record no. 825767)

MARC details
000 -LEADER
fixed length control field 00559nam a2200217Ia 4500
008 - FIXED-LENGTH DATA ELEMENTS--GENERAL INFORMATION
fixed length control field 101110s9999 xx 000 0 und d
041 ## - LANGUAGE CODE
Language code of text/sound track or separate title ENGLISH
082 ## - DEWEY DECIMAL CLASSIFICATION NUMBER
Item number SR33266
100 ## - MAIN ENTRY--PERSONAL NAME
Personal name Dias Mario; Vaz Michael (ed)
245 ## - TITLE STATEMENT
Title Business economics - III TYBCom
260 ## - PUBLICATION, DISTRIBUTION, ETC. (IMPRINT)
Date of publication, distribution, etc 2009
Name of publisher, distributor, etc Marvel Publication, Mumbai
300 ## - PHYSICAL DESCRIPTION
Extent 140
365 ## - TRADE PRICE
Price amount 140
520 ## - SUMMARY, ETC.
Summary, etc Economics
546 ## - LANGUAGE NOTE
Language note ENGLISH
630 ## - SUBJECT ADDED ENTRY--UNIFORM TITLE
Uniform title Business economics - III TYBCom
650 ## - SUBJECT ADDED ENTRY--TOPICAL TERM
Topical term or geographic name as entry element Economics
655 ## - INDEX TERM--GENRE/FORM
Genre/form data or focus term Economics
730 ## - ADDED ENTRY--UNIFORM TITLE
Uniform title Business economics - III TYBCom
942 ## - ADDED ENTRY ELEMENTS (KOHA)
Koha item type Book
Holdings
Withdrawn status Lost status Damaged status Not for loan Home library Current library Date acquired Source of acquisition Cost, normal purchase price Shelving control number Total Checkouts Barcode Date last seen Price effective from Koha item type
        D. B. J. College, Chiplun D. B. J. College, Chiplun   Shri. Gajanan book depo, Chiplun, bill no.132, dt.30/1/10 140.00     DBJSR33266 11/11/2010 11/11/2010 Book